01069 a2200205 4500999001500000010001400015020002600029035001300055037001500068082001600083245003400099260004500133300006300178500015800241505023700399650004000636650003500676942003500711952011700746 c8394d8394 aENG-88434 a9780195691986c795.00 aEN-71967 bDBAD / PUB14a305.69710541 aIndia's muslims:ban omnibus/ aNew DelhibOxford University Pressc2007 a(xvii, xxx, 386p.; xxiii, 271p.; xiii, 383p.)c22cm (Hb ) aThis is an artificial composite book & bounded 3 parts together having their own title & a common title and includes bibliographical references and index aIslamic revival in British India: Deoband, 1860-1900 by Barbara Daly Metcalf - The Bengal Muslims, 1876-1901: a quest for identity by Rafiuddin Ahmed - Legacy of a divided nation: India's Muslims since independence by Mushirul Hasan aMuslimsxIndiayPolitical activity. aIndiaxPolitics and government adplcEN2ddch305.6971054mIND 001040718NFICaDBADbDBADeDBAD/PUBg795.00l0o305.6971054 INDpEN-71967r2008-09-15 00:00:00t1v795.00yEN